| 000 | 00569nam a22001817a 4500 | ||
|---|---|---|---|
| 999 |
_c18263 _d18263 |
||
| 008 | 200305b xxu||||| |||| 00| 0 eng d | ||
| 020 | _a0133387520 | ||
| 040 |
_aKABU _cKABU |
||
| 050 |
_aQA76.585 _b.E75 2013 c. 1 |
||
| 100 | _aErl, Thomas | ||
| 245 |
_aCloud computing _bconcepts, technology & architecture _cThomas Erl, Zaighman mahmood and Ricardo Puttini |
||
| 260 |
_aUSA _bArcitura Education _c2013 |
||
| 300 | _axxxiv, 489 p. | ||
| 650 | _aCloud computing | ||
| 700 | _aMahmood, Zaigham | ||
| 700 | _aPuttini, Ricardo | ||
| 942 |
_2lcc _cBK _hQA76.585 |
||